Csak a múlt? Szerszámkovács /

Elmentve itt :
Bibliográfiai részletek
Szerző: Bőle István
Dokumentumtípus: Cikk
Megjelent: 1986-09-19
Sorozat:Délmagyarország 76 No. 221
Kulcsszavak:Szerszámkovács Ktsz.
Online Access:http://dmarchiv.bibl.u-szeged.hu/104557
LEADER 00461nab a2200157 i 4500
001 delm104557
005 20190912125832.0
008 190912s1986 hu o 0|| hun d
040 |a SZTE Délmagyarország Archívum  |b hun 
041 |a hun 
100 1 |a Bőle István 
245 1 0 |a Csak a múlt?   |h [elektronikus dokumentum] :  |b Szerszámkovács /  |c  Bőle István 
260 |c 1986-09-19 
300 |a 3 
490 0 |a Délmagyarország  |v 76 No. 221 
695 |a Szerszámkovács Ktsz.